000 00674nam a22002297a 4500
005 20170124110023.0
010 _a020611
020 _c00.00
035 _a020611
037 _bCen Lib/Ret
040 _aDPL
_bEN
082 _a551.591
_bPAR
100 _aParker, Bertha Morris
_9112889
245 _aThe ways of the weather /
_cby Bertha Morris Parker
260 _aNew York
_bPeterson
_c1950
270 _bNew York
_aEvanston, Illinois
300 _a36p.:
_c22cm(Hb)
_bcol. ill.
490 _athe basic science education series
650 _aWeather -- Juvenile literature
_9112890
650 _aWeather
_9112891
942 _2ddc
_cEN
_h551.591
_mPAR
999 _c127315
_d127315